Incentivizing relationship investment for project performance improvementv (Record no. 523535)

000 -LEADER
fixed length control field 01399nam a22001577a 4500
008 - FIXED-LENGTH DATA ELEMENTS--GENERAL INFORMATION
fixed length control field 230906b ||||| |||| 00| 0 eng d
100 ## - MAIN ENTRY--PERSONAL NAME
Personal name Zhu, Liuying and Cheung, Sai On
245 ## - TITLE STATEMENT
Title Incentivizing relationship investment for project performance improvementv
260 ## - PUBLICATION, DISTRIBUTION, ETC. (IMPRINT)
Place of publication, distribution, etc Project Management Journal
300 ## - PHYSICAL DESCRIPTION
Extent 54(1), Feb, 2023: p.70-87
520 ## - SUMMARY, ETC.
Summary, etc Collaboration between developers and contractors is pivotal to the efficient completion of construction projects. Relational contracting practice has been used to promote working partnerships. Construction incentivization can be a valuable contractual tool to build relationships. This study proposes that incentivization can serve as an instrumental means to forge interorganizational relationships and corresponding project performance improvements. With data collected from experienced construction professionals, the hypotheses are empirically supported by structural equation modeling. It is therefore concluded that in addition to its conventional uses, incentivization can be innovatively designed to develop and manage interorganizational relationships and engender project performance improvement.- Reproduced
650 ## - SUBJECT ADDED ENTRY--TOPICAL TERM
Topical term or geographic name as entry element Incentivization, Inter organizational relationships, Contracting behavior, Project performance.
9 (RLIN) 40352
773 ## - HOST ITEM ENTRY
Main entry heading Project Management Journal
906 ## - LOCAL DATA ELEMENT F, LDF (RLIN)
Subject DIP PROJECT MANAGEMENT
942 ## - ADDED ENTRY ELEMENTS (KOHA)
Item type Articles
Holdings
Withdrawn status Lost status Source of classification or shelving scheme Damaged status Not for loan Permanent location Current location Date acquired Serial Enumeration / chronology Barcode Date last seen Koha item type
          Indian Institute of Public Administration Indian Institute of Public Administration 2023-09-06 54(1), Feb, 2023: p.70-87 AR129442 2023-09-06 Articles

Powered by Koha